Sử dụng động vật làm việc

Nội dung sách nghiên cứu về kinh tế và xã hội của sức kéo, sức khoẻ của động vật kéo, dinh dưỡng của động vật kéo, những nghiên cứu kỹ thuật

Na minha lista:
Detalhes bibliográficos
Autor principal: Falvey, J. Lindsay
Formato: Livro
Idioma:Undetermined
Publicado em: Cần Thơ Xí nghiệp in Báo Hậu Giang 1991
Assuntos:
Tags: Adicionar Tag
Sem tags, seja o primeiro a adicionar uma tag!
Thư viện lưu trữ: Trung tâm Học liệu Trường Đại học Cần Thơ
LEADER 00791nam a2200193Ia 4500
001 CTU_138190
008 210402s9999 xx 000 0 und d
082 |a 636.2 
082 |b F177 
100 |a Falvey, J. Lindsay 
245 0 |a Sử dụng động vật làm việc 
245 0 |c J. Lindsay Falvey ; Châu Bá Lộc dịch 
260 |a Cần Thơ 
260 |b Xí nghiệp in Báo Hậu Giang 
260 |c 1991 
520 |a Nội dung sách nghiên cứu về kinh tế và xã hội của sức kéo, sức khoẻ của động vật kéo, dinh dưỡng của động vật kéo, những nghiên cứu kỹ thuật 
650 |a Cattles 
650 |x Breeding 
980 |a Trung tâm Học liệu Trường Đại học Cần Thơ